Július Barč - Ivan

Bibliographic Details
Main Author: Rampák, Zoltán, 1920-1998 (Author)
Format: Article
Language:Slovak

MARC

LEADER 00000nab a2200000ua 4500
001 vtls010744740
003 SK-MaSNL
005 20260304201945.0
008 250718s1973 xo |||||||||||||||||slo|
035 |a (urnnbn)urn:nbn:sk:snk:ar-a00obj 
035 |a (uuid)331160af-9c19-4d47-95b0-93bc4b337c4c 
035 |a urn:nbn:sk:snk-ab4awv 
040 |a SNKBUCL  |b slo  |c SNKBUCL  |e AACR2 
041 0 |a slo 
044 |a xo  |c SK 
100 1 |a Rampák, Zoltán,  |d 1920-1998  |4 aut  |9 106868 
245 1 0 |a Július Barč - Ivan  |c Zoltán Rampák 
773 0 |t Javisko  |g Roč. 5, č. 12 (1973), s. 358-359 
850 |a Slovenská národná knižnica 
852 |a Slovenská národná knižnica 
954 |a odborná, vedecká literatúra pôvodná (slovenská)  |2 lita 
958 |a article3 
958 |a OND 
958 |a EUIPO 
999 |c 3099613  |d 3101543